[Event "SM-2020-0-00436"]
[Site "LSS email"]
[Date "2020.12.08"]
[Round "?"]
[White "Llorente Alvarez, Jose Luis"]
[Black "Orlov, Vladimir"]
[Result "1/2-1/2"]
[WhiteElo "2170"]
[BlackElo "2251"]
[PlyCount "73"]
[EventDate "2020.09.03"]
[EventType "tourn (corr)"]
[EventRounds "6"]
[EventCountry "GER"]
[SourceTitle "Corr 2022"]
[Source "ChessBase"]
[SourceDate "2021.10.24"]
[SourceVersion "1"]
[SourceVersionDate "2021.10.24"]
[SourceQuality "1"]

1. e4 e6 2. d4 d5 3. Nc3 Nf6 4. e5 Nfd7 5. f4 c5 6. Nf3 Nc6 7. Be3 a6 8. Qd2 b5 9. dxc5 Bxc5 10. Bd3 Qb6 11. Bf2 Bxf2+ 12. Qxf2 Nc5 13. 0-0 b4 14. Ne2 a5 15. Ned4 Nxd4 16. Nxd4 a4 17. f5 Nxd3 18. cxd3 exf5 19. Rac1 0-0 20. Rc6 Qb7 21. Rfc1 a3 22. b3 Be6 23. Nxf5 Rac8 24. Rxc8 Rxc8 25. Rxc8+ Bxc8 26. Nxg7 Qc6 27. Nh5 Qc1+ 28. Qf1 Qe3+ 29. Qf2 Qxe5 30. g4 Qa1+ 31. Kg2 Qb2 32. Kg3 Qxf2+ 33. Kxf2 Ba6 34. Nf6+ Kg7 35. Nxd5 Bxd3 36. Nxb4 Bb1 37. Ke3 1/2-1/2

[Event "SM-2020-0-00436"]
[Site "LSS email"]
[Date "2020.12.03"]
[Round "?"]
[White "Llorente Alvarez, Jose Luis"]
[Black "Sorcinelli, Andrea"]
[Result "1/2-1/2"]
[WhiteElo "2170"]
[BlackElo "2321"]
[PlyCount "51"]
[EventDate "2020.09.03"]
[EventType "tourn (corr)"]
[EventRounds "6"]
[EventCountry "GER"]
[SourceTitle "Corr 2022"]
[Source "ChessBase"]
[SourceDate "2021.10.24"]
[SourceVersion "1"]
[SourceVersionDate "2021.10.24"]
[SourceQuality "1"]

1. e4 c5 2. Nf3 d6 3. d4 cxd4 4. Nxd4 Nf6 5. Nc3 a6 6. Bg5 e6 7. f4 Qb6 8. Qd2 Qxb2 9. Rb1 Qa3 10. f5 Nc6 11. fxe6 fxe6 12. Nxc6 bxc6 13. e5 dxe5 14. Bxf6 gxf6 15. Ne4 Qxa2 16. Rd1 Be7 17. Be2 0-0 18. 0-0 Ra7 19. Rf3 Kh8 20. Rg3 Rd7 21. Qh6 Rxd1+ 22. Bxd1 Rf7 23. Qh5 Qd5 24. Qxf7 Qxd1+ 25. Kf2 Qxc2+ 26. Ke3 1/2-1/2

[Event "SM-2020-0-00436"]
[Site "LSS email"]
[Date "2020.12.02"]
[Round "?"]
[White "Boni, Roberto"]
[Black "Llorente Alvarez, Jose Luis"]
[Result "1-0"]
[WhiteElo "2200"]
[BlackElo "2170"]
[PlyCount "172"]
[EventDate "2020.09.03"]
[EventType "tourn (corr)"]
[EventRounds "6"]
[EventCountry "GER"]
[SourceTitle "Corr 2022"]
[Source "ChessBase"]
[SourceDate "2021.10.24"]
[SourceVersion "1"]
[SourceVersionDate "2021.10.24"]
[SourceQuality "1"]

1. e4 e5 2. Nf3 Nc6 3. Bb5 a6 4. Ba4 Nf6 5. 0-0 Be7 6. Re1 b5 7. Bb3 d6 8. c3 0-0 9. h3 Na5 10. Bc2 c5 11. d4 Qc7 12. Nbd2 cxd4 13. cxd4 Nc6 14. Nb3 a5 15. Be3 a4 16. Nbd2 Bd7 17. Rc1 Qb7 18. Nf1 Rfe8 19. Ng3 Bd8 20. Qe2 Rb8 21. d5 Nb4 22. Bb1 Na6 23. b3 axb3 24. axb3 Be7 25. Bd2 Nc5 26. Qd1 Rec8 27. Kh2 Bd8 28. Be3 Na6 29. Nh4 Bb6 30. Rxc8+ Bxc8 31. Bg5 Ne8 32. Rf1 g6 33. f4 f6 34. Bh6 Be3 35. Ne2 Qe7 36. Qe1 exf4 37. Nxf4 Bxf4+ 38. Rxf4 g5 39. Rf3 Nc5 40. Rg3 Ng7 41. b4 Na4 42. Nf3 Nh5 43. e5 Nxg3 44. Qxg3 dxe5 45. Ba2 Qd6 46. Nxg5 fxg5 47. Qxg5+ Kf7 48. Qg7+ Ke8 49. Qh8+ Kf7 50. Qg7+ Ke8 51. Qh8+ Kf7 52. Qxh7+ Ke8 53. Qh8+ Kf7 54. Qg7+ Ke8 55. Qh8+ Kf7 56. Bb3 Nc3 57. Qg7+ Ke8 58. Be3 Nxd5 59. Qg8+ Kd7 60. Bxd5 Kc7 61. Ba7 Rb6 62. Bxb6+ Kxb6 63. Be4 Kc7 64. Qb3 Bd7 65. Qc3+ Kd8 66. h4 Qf6 67. g3 Qd6 68. Kg2 Ke8 69. Kf2 Qf6+ 70. Ke1 Qe7 71. Qc5 Qf6 72. Bd3 Qg7 73. Kf2 Qf6+ 74. Ke2 Qe6 75. Bxb5 Bxb5+ 76. Qxb5+ Kd8 77. Qb8+ Ke7 78. Qb7+ Kd8 79. Qe4 Qa2+ 80. Kf3 Qb3+ 81. Kf2 Qa2+ 82. Qe2 Qd5 83. h5 e4 84. h6 Ke7 85. Ke3 Qc6 86. Kd4 Qxh6 1-0

[Event "SA-2020-0-00722"]
[Site "LSS email"]
[Date "2020.04.27"]
[Round "?"]
[White "Llorente Alvarez, Jose Luis"]
[Black "Pilgram, Kurt"]
[Result "1/2-1/2"]
[WhiteElo "2136"]
[BlackElo "2146"]
[PlyCount "87"]
[EventDate "2020.03.26"]
[EventType "tourn (corr)"]
[EventRounds "6"]
[EventCountry "GER"]
[SourceTitle "Corr 2022"]
[Source "ChessBase"]
[SourceDate "2021.10.24"]
[SourceVersion "1"]
[SourceVersionDate "2021.10.24"]
[SourceQuality "1"]

1. e4 e6 2. d4 d5 3. Nc3 Nf6 4. e5 Nfd7 5. f4 c5 6. Nf3 Nc6 7. Be3 a6 8. Qd2 cxd4 9. Nxd4 Bc5 10. a3 0-0 11. g3 h6 12. Bg2 Nxd4 13. Bxd4 Bxd4 14. Qxd4 Nb6 15. 0-0-0 Qc7 16. f5 exf5 17. Nxd5 Nxd5 18. Qxd5 Ra7 19. Qd6 b5 20. Rd3 Qe7 21. Rhd1 Rd7 22. Qxe7 Rxe7 23. Re3 g5 24. Rd6 Kg7 25. Bc6 h5 26. Kd2 h4 27. Kd3 hxg3 28. hxg3 Be6 29. Kd4 Rc7 30. Kc5 Rb8 31. c3 g4 32. Kd4 Rh8 33. Kc5 Rh6 34. Red3 Bc4 35. Rd2 Re7 36. Kd4 Rh3 37. Bd7 Rxd7 38. Rxd7 Be6 39. Rd6 Rxg3 40. Rxa6 Rf3 41. Rd1 Rf4+ 42. Ke3 Rf3+ 43. Kd4 Rf4+ 44. Ke3 1/2-1/2

[Event "SA-2020-0-00718"]
[Site "LSS email"]
[Date "2020.03.20"]
[Round "?"]
[White "Billio, Maria"]
[Black "Llorente Alvarez, Jose Luis"]
[Result "1-0"]
[WhiteElo "2145"]
[BlackElo "2151"]
[PlyCount "59"]
[EventDate "2020.02.06"]
[EventType "tourn (corr)"]
[EventRounds "6"]
[EventCountry "GER"]
[SourceTitle "Corr 2022"]
[Source "ChessBase"]
[SourceDate "2021.10.24"]
[SourceVersion "1"]
[SourceVersionDate "2021.10.24"]
[SourceQuality "1"]

1. d4 Nf6 2. Nf3 g6 3. c4 c5 4. d5 b5 5. cxb5 a6 6. bxa6 Bxa6 7. Nc3 Bg7 8. e4 Bxf1 9. Kxf1 d6 10. g3 0-0 11. Kg2 Qc8 12. Qe2 Na6 13. Bg5 Re8 14. Bxf6 Bxf6 15. h4 h5 16. Rae1 Nc7 17. Qe3 Qb7 18. Re2 Nb5 19. Nxb5 Qxb5 20. a3 e6 21. dxe6 Rxe6 22. Rd1 Rae8 23. Qd3 Qxd3 24. Rxd3 Rxe4 25. Rxe4 Rxe4 26. b3 Re6 27. Nd2 Kf8 28. b4 Kg7 29. b5 c4 30. Nxc4 1-0

[Event "SA-2020-0-00718"]
[Site "LSS email"]
[Date "2020.03.20"]
[Round "?"]
[White "Llorente Alvarez, Jose Luis"]
[Black "Celan, Melissa"]
[Result "1/2-1/2"]
[WhiteElo "2151"]
[BlackElo "2093"]
[PlyCount "89"]
[EventDate "2020.02.06"]
[EventType "tourn (corr)"]
[EventRounds "6"]
[EventCountry "GER"]
[SourceTitle "Corr 2022"]
[Source "ChessBase"]
[SourceDate "2021.10.24"]
[SourceVersion "1"]
[SourceVersionDate "2021.10.24"]
[SourceQuality "1"]

1. e4 e5 2. Nf3 Nc6 3. Bb5 a6 4. Ba4 Nge7 5. c3 g6 6. d4 exd4 7. cxd4 b5 8. Bb3 Bg7 9. Nc3 Na5 10. Bc2 d6 11. h3 0-0 12. 0-0 c5 13. Ne2 cxd4 14. Nexd4 Bb7 15. Bg5 h6 16. Bf4 Rc8 17. Rc1 Re8 18. b3 Nec6 19. Nxc6 Nxc6 20. Bb1 Ne5 21. Rxc8 Qxc8 22. Nxe5 dxe5 23. Be3 Rd8 24. Qe2 Qe6 25. Rd1 Rxd1+ 26. Qxd1 Bf8 27. Qd8 h5 28. Qb8 Bc8 29. Bd3 Bd6 30. Qa8 Kg7 31. a4 Qxb3 32. Qxc8 Qxd3 33. a5 Qxe4 34. Qxa6 Qd3 35. Qb6 b4 36. a6 h4 37. a7 Qd1+ 38. Kh2 e4+ 39. g3 hxg3+ 40. fxg3 Qf3 41. Bd4+ f6 42. Qxd6 Qe2+ 43. Kg1 Qd1+ 44. Kg2 Qf3+ 45. Kg1 1/2-1/2

[Event "SA-2020-0-00718"]
[Site "LSS email"]
[Date "2020.03.19"]
[Round "?"]
[White "Llorente Alvarez, Jose Luis"]
[Black "Meza, Abelardo"]
[Result "1-0"]
[WhiteElo "2151"]
[BlackElo "2011"]
[PlyCount "39"]
[EventDate "2020.02.06"]
[EventType "tourn (corr)"]
[EventRounds "6"]
[EventCountry "GER"]
[SourceTitle "Corr 2022"]
[Source "ChessBase"]
[SourceDate "2021.10.24"]
[SourceVersion "1"]
[SourceVersionDate "2021.10.24"]
[SourceQuality "1"]

1. e4 Nf6 2. e5 Nd5 3. d4 d6 4. c4 Nb6 5. f4 dxe5 6. fxe5 Nc6 7. Be3 Bf5 8. Nc3 e6 9. Nf3 Be7 10. Be2 f6 11. exf6 Bxf6 12. Bf2 Qd7 13. 0-0 0-0-0 14. a4 Nxd4 15. Nxd4 Bxd4 16. Qb3 Bxf2+ 17. Rxf2 a5 18. Qb5 Bd3 19. Bxd3 Qxd3 20. c5 1-0

[Event "SA-2018-0-00649"]
[Site "LSS email"]
[Date "2018.09.05"]
[Round "?"]
[White "Llorente Alvarez, Jose Luis"]
[Black "Kolanek, Sylwia"]
[Result "1/2-1/2"]
[WhiteElo "2174"]
[BlackElo "2083"]
[PlyCount "78"]
[EventDate "2018.08.19"]
[EventType "tourn (corr)"]
[EventRounds "6"]
[EventCountry "GER"]
[SourceTitle "Corr 2022"]
[Source "ChessBase"]
[SourceDate "2021.10.24"]
[SourceVersion "1"]
[SourceVersionDate "2021.10.24"]
[SourceQuality "1"]

1. e4 c5 2. Nf3 d6 3. d4 cxd4 4. Nxd4 Nf6 5. Nc3 a6 6. Bg5 e6 7. f4 Qb6 8. Qd2 Qxb2 9. Rb1 Qa3 10. e5 dxe5 11. fxe5 Nfd7 12. Ne4 Qxa2 13. Rd1 h6 14. Bh4 Qd5 15. Qe3 Qxe5 16. Be2 Bc5 17. Bg3 Qd5 18. c4 Bxd4 19. Rxd4 Qa5+ 20. Rd2 0-0 21. Bd6 Rd8 22. g4 Nf6 23. Nxf6+ gxf6 24. 0-0 Rxd6 25. Rxd6 Nd7 26. Rfd1 Kg7 27. h4 Qe5 28. Qxe5 Nxe5 29. Rd8 b5 30. c5 Bb7 31. Rxa8 Bxa8 32. Rd6 Bc6 33. Bf1 b4 34. Bg2 Bxg2 35. Kxg2 b3 36. Rxa6 Nd7 37. Ra5 b2 38. Rb5 Nxc5 39. Rxb2 h5 1/2-1/2

[Event "RA-2018-0-00574"]
[Site "LSS email"]
[Date "2018.04.08"]
[Round "?"]
[White "Llorente Alvarez, Jose Luis"]
[Black "Susla, Vitaliy"]
[Result "1/2-1/2"]
[WhiteElo "2159"]
[BlackElo "2331"]
[PlyCount "66"]
[EventDate "2018.03.18"]
[EventType "tourn (corr)"]
[EventRounds "6"]
[EventCountry "GER"]
[SourceTitle "Corr 2022"]
[Source "ChessBase"]
[SourceDate "2021.10.24"]
[SourceVersion "1"]
[SourceVersionDate "2021.10.24"]
[SourceQuality "1"]

1. e4 c5 2. Nf3 d6 3. d4 cxd4 4. Nxd4 Nf6 5. Nc3 a6 6. Bg5 Nbd7 7. Qe2 h6 8. Bh4 g6 9. f4 e5 10. fxe5 dxe5 11. 0-0-0 Qc7 12. Nb3 b5 13. Nd5 Nxd5 14. exd5 Bd6 15. Qd2 f5 16. g4 f4 17. Bd3 Kf7 18. Qg2 b4 19. Qe4 Rg8 20. g5 h5 21. Bf2 a5 22. Rhe1 a4 23. Nd2 Ba6 24. Bxa6 Rxa6 25. Qd3 Rc8 26. Re2 Bf8 27. Kb1 Ra5 28. h4 Rb5 29. Ne4 Qc4 30. Qxc4 Rxc4 31. Rd3 Rc8 32. Red2 Ra5 33. Re2 Be7 1/2-1/2